International trade and agriculture / (Record no. 7286)
[ view plain ]
| 000 -LEADER | |
|---|---|
| fixed length control field | 00659nam a22002172 4500 |
| 001 - CONTROL NUMBER | |
| control field | 0000006353 |
| 005 - DATE AND TIME OF LATEST TRANSACTION | |
| control field | 20151217152017.0 |
| 008 - FIXED-LENGTH DATA ELEMENTS--GENERAL INFORMATION | |
| fixed length control field | 071022s xx 000 0 eng d |
| 020 ## - INTERNATIONAL STANDARD BOOK NUMBER | |
| International Standard Book Number | 1405108002 : |
| Terms of availability | KES 5950 |
| 040 ## - CATALOGING SOURCE | |
| Original cataloging agency | KABU |
| Transcribing agency | KABU |
| 100 1# - MAIN ENTRY--PERSONAL NAME | |
| Personal name | Koo, Won W. |
| -- | 0000157817 |
| 245 10 - TITLE STATEMENT | |
| Title | International trade and agriculture / |
| Statement of responsibility, etc. | Won W. Koo, P. Lynn Kennedy. |
| 260 ## - PUBLICATION, DISTRIBUTION, ETC. (IMPRINT) | |
| Place of publication, distribution, etc. | Oxford : |
| Name of publisher, distributor, etc. | Blackwell, |
| Date of publication, distribution, etc. | 2005. |
| 300 ## - PHYSICAL DESCRIPTION | |
| Extent | xiv, 280 p. |
| 650 #0 - SUBJECT ADDED ENTRY--TOPICAL TERM | |
| Topical term or geographic name as entry element | International trade. |
| -- | 0000149976 |
| 650 #0 - SUBJECT ADDED ENTRY--TOPICAL TERM | |
| Topical term or geographic name as entry element | Produce trade. |
| -- | 0000157818 |
| 700 1# - ADDED ENTRY--PERSONAL NAME | |
| Personal name | Kennedy, P. Lynn. |
| -- | 0000157819 |
| 908 ## - PUT COMMAND PARAMETER (RLIN) | |
| Put command parameter | 071022 |
| 950 ## - LOCAL HOLDINGS (RLIN) | |
| -- | 1 |
| Withdrawn status | Lost status | Source of classification or shelving scheme | Not for loan | Home library | Current library | Date acquired | Total Checkouts | Full call number | Barcode | Date last seen | Date last checked out | Price effective from | Koha item type |
|---|---|---|---|---|---|---|---|---|---|---|---|---|---|
| Library of Congress Classification | Kabarak, Main Campus | Kabarak, Main Campus | 17/12/2015 | 1 | HF1379 .K66 c.1 | 010715 | 02/08/2024 | 15/07/2016 | 17/12/2015 | General Collection |